00289nam a2200121Ia 4500008004100000041000800041082001200049100001600061245002300077260003200100300002400132365001100156240624s9999 xx 000 0 und d aeng a823 WAL aWALDEN MARK aAFTERSHOCK H I V E c2011aNew DelhibBloomsbury a278 : p. : cm. ; 20 cRSb25